| 000 | 00479nam a2200205Ia 4500 | ||
|---|---|---|---|
| 003 | OSt | ||
| 005 | 20221222101100.0 | ||
| 008 | 210210b2019 xxu||||| |||| 00| 0 eng d | ||
| 020 | _a9789389334029 | ||
| 040 | _c AL | ||
| 041 | _aeng | ||
| 082 | _a907.2 RAIH | ||
| 100 |
_aRAI (Suresh K) _967440 |
||
| 245 | _aHistorical method | ||
| 260 |
_aMangaluru _bUnited Publishers _c2019 |
||
| 300 | _a95 | ||
| 690 |
_aHistoriography _967441 |
||
| 906 | _a073457 | ||
| 942 |
_2ddc _cBK |
||
| 999 |
_c123291 _d123291 |
||